Nombres para bebés masculinos por década (España) - Estadísticas

Estadísticas generales
  • Esta prueba ha sido intentada 7.015 veces
    6.466 desde el último reinicio
  • La puntuación promedio es 28 de 50
Estadísticas de respuestas
Década Nombre Compuesto con... % Correcto
1930, 1940, 1950, 1960, 1970 José María (1930-60), Luis (1930-70), Antonio (1930-80), Manuel (1940-80)
93%
1930, 1940, 1950, 1960 Juan José (1950-60), Carlos (1950-60)
93%
1980, 1990, 2000, 2010, 2020 Pablo
84%
1950, 1960, 1970, 1980, 1990, 2000, 2010 Carlos
83%
1930, 1940, 1950, 1960, 1970, 1980 Francisco Javier (1950-80)
80%
1930, 1940, 1950, 1960 Pedro
80%
1930, 1940, 1950, 1960, 1970, 1980, 1990, 2000 Antonio
79%
1970, 1980, 1990, 2000, 2010 Javier
77%
1930, 1940, 1950, 1960, 1970, 1980, 1990, 2000, 2010, 2020 Manuel
77%
1930, 1940, 1950 Luis
76%
1970, 1980, 1990, 2000, 2010, 2020 Daniel
74%
1930, 1940, 1950, 1960, 1990, 2000 Miguel Ángel, (1950-80)
74%
1980, 1990, 2000, 2010, 2020 Alejandro
73%
1970, 1980, 1990, 2000, 2010, 2020 David
73%
2000, 2010, 2020 Marcos
71%
1930, 1940, 1950, 1960 Fernando
64%
1970, 1980, 1990, 2000 Jorge
64%
1980, 1990 Alberto
63%
1930, 1940, 1950, 1960, 1970, 1980, 1990 Jesús
62%
1970, 1980, 1990, 2000, 2010 Sergio
62%
1990, 2000, 2010, 2020 Álvaro
61%
2000, 2010, 2020 Hugo
61%
2010, 2020 Lucas
61%
2000, 2010, 2020 Mario
59%
1990, 2000, 2010, 2020 Diego
58%
1930, 1940, 1950, 1960 Ángel
57%
2010, 2020 Martín
57%
1930 Andrés
55%
2010, 2020 Mateo
52%
1970, 1980, 2000 Raúl
52%
1990, 2000, 2010, 2020 Adrián
51%
1990 Víctor
49%
2010, 2020 Leo
48%
1930, 1940 Enrique
46%
Ve a José María Como segundo nombre con José
44%
1980, 1990, 2000 Iván
43%
2010 Nicolás
42%
1970 Óscar
42%
2020 Alex
39%
1980, 1990, 2000 Rubén
39%
1930, 1940, 1950, 1960, 1970 Rafael
37%
1930, 1940 Ramón
37%
1990 Cristián
33%
1930, 1940 Vicente
28%
1930, 1940 Joaquín
26%
2020 Bruno
25%
2010 Izán
22%
2020 Enzo
19%
2020 Thiago
19%
2020 Óliver
15%
No se encontraron pruebas coincidentes
Distribución de puntuación
Porcentaje de gente con cada puntuación
Porcentaje por número respondido
Historial de tus puntuaciones
No has intentado esta prueba desde el último reinicio